00761nam a22001815i 4500001000700000003000900007005001700016008004100033080001800074100002600092245019700118260007500315300003000390650003700420700003900457710006300496852002000559171701ES-MaACL20230906214713.0090526s1979 sp |||| | spa d a657:681.31.011 aSoler Amaro, Ramón.10aManual de contabilidad y auditoría con ordenador b: (un modelo para la mecanización del Plan General de Contabilidad) / cRamón Soler Amaro ; prólogo José María Fernández Pirla. a[Madrid] : bEscuela de Inspección Financiera y Tributaria, c[1979] a447 p. : bil. ; c24 cm.14aContabilidad-xProceso de datos.1 aFernández Pirla, José María.2 aEscuela de Inspección Financiera y Tributaria (España) aES-MaACLjL-84